[Event "Candidates qf Kasparov-Beliavsky+4-1=4"]
[Site "Moscow"]
[Date "1983.03.05"]
[Round "4"]
[White "Beliavsky, Alexander G"]
[Black "Kasparov, Garry"]
[Result "1-0"]
[WhiteElo "2570"]
[BlackElo "2690"]
[Annotator "Kasparov,G"]
[PlyCount "75"]
[EventDate "1983.02.27"]
[EventType "match"]
[EventRounds "9"]
[EventCountry "URS"]
[SourceTitle "Candidates"]
[Source "ChessBase"]
[SourceDate "1999.07.01"]
[SourceVersion "2"]
[SourceVersionDate "1999.07.01"]
[SourceQuality "1"]

1. d4 Nf6 2. c4 e6 3. Nc3 Bb4 4. e3 O-O 5. Bd3 c5 6. Nf3 d5 7. O-O dxc4 8. Bxc4
cxd4 9. exd4 b6 10. Qe2 Bb7 11. Rd1 Bxc3 12. bxc3 Qc7 13. Bd3 $1 Qxc3 14. Bb2
Qc7 15. d5 $1 Bxd5 16. Bxf6 gxf6 17. Qe3 $1 Kg7 18. Rac1 Nc6 $1 19. Be4 $2 ({
Alle Vorteile der weißen Position konnten hier mittels} 19. Nd4 $1 {
abgesichert werden. Danach wäre es für Schwarz nicht einfach gewesen, eine
hinreichende Verteidigung gegen alle weißen Drohungen zu finden.}) 19... Qd6 $1
20. Bxd5 exd5 21. Rc4 Qd7 $2 (21... Ne7 $142 $1 {z.B.:} 22. Rh4 Nf5 23. Rg4+
Kh8 24. Qd3 Ne7) 22. Rh4 Qf5 23. Rxd5 $6 (23. Qh6+ $142 Kh8 24. Rf4 Qg6 25. Qh4
f5 26. Qh3 $1 (26. Rxd5 $2 Rad8)) 23... Ne5 $2 (23... Qb1+ 24. Ne1 Kh8 (24...
Rg8 $5 25. Rdh5 (25. Rd3 Kf8 $1 (25... Kh8 $2 26. Rxh7+ Kxh7 27. Qe4+ {[%csl
Rb1][%cal Ye4b1,Ge4h7]}) 26. Rxh7 Ne5 27. Qh6+ Ke7 28. Re3 Rac8 $13) 25... Kf8
$1 26. Rxh7 Re8 27. Qh6+ Ke7 $13) 25. Rdh5 Rfe8 26. Rxh7+ Qxh7 27. Rxh7+ Kxh7
28. Qh3+ Kg7 $13) 24. h3 $1 Rfe8 $1 25. Nd4 Qg6 26. Qf4 (26. Qd2 $2 Rad8 $1 27.
Rxd8 Rxd8 28. Nf5+ Qxf5 29. Qxd8 Qg5 $15 30. Re4 $4 Nf3+ 31. Kf1 Qb5+ 32. Re2
Qb1+ 33. Re1 Qxe1#) 26... Rad8 (26... Rac8 $2 27. Nf5+ Kh8 28. Nd6 Red8 (28...
Rg8 {Nimzo 7.32} 29. g3 Rc5 $14) 29. Rh6 {mit Zertrümmerung der schwarzen
Stellung.}) 27. Nf5+ Kh8 28. Rxd8 Rxd8 29. Qe4 $1 Rc8 $1 (29... b5 $143 30. Kh2
$1 (30. f4 $2 Nf3+ $1) (30. g4 $2 Qg8 $1 31. Rh6 Ng6 32. Qc6 Rd1+ 33. Kg2 Qd8 {
und Schwarz kann sich behaupten}) 30... a5 31. g4 $1 {[%csl Rf6][%cal Yh4h6,
Yf2f4]}) 30. Kh2 Rc4 31. Qa8+ Qg8 32. Qxa7 Rxh4 33. Nxh4 Qg5 34. Qa8+ $1 Kg7
35. Qe4 h5 $4 ({Das naheliegende} 35... Ng6 {führte nach} 36. Nf5+ Kg8 37. Qa8+
Nf8 {zu einer Position, in der Weiß dank seiner besseren Bauernstruktur und
angesichts des machtvollen Springers ein gewaltiges positionelles Übergewicht
erhält, aber das reduzierte Material erlaubt es Schwarz zumindest noch, auf
eine Rettung zu hoffen.}) 36. Nf5+ Kg6 37. Ne7+ Kh6 38. f4 1-0

[Event "WchT 2nd"]
[Site "Luzern"]
[Date "1989.??.??"]
[Round "6.1"]
[White "Beliavsky, Alexander G"]
[Black "Timman, Jan H"]
[Result "1-0"]
[WhiteElo "2620"]
[BlackElo "2635"]
[Annotator "Ftacnik,L"]
[PlyCount "77"]
[EventDate "1989.10.27"]
[EventType "team-tourn"]
[EventRounds "9"]
[EventCountry "SUI"]
[SourceTitle "CBM 016"]
[Source "ChessBase"]
[SourceDate "1990.06.01"]
[SourceVersion "1"]
[SourceVersionDate "1990.06.01"]
[SourceQuality "1"]
[WhiteTeam "Soviet Union"]
[BlackTeam "Netherlands"]
[WhiteTeamCountry "URS"]
[BlackTeamCountry "NED"]

1. d4 Nf6 2. c4 e6 3. Nc3 Bb4 4. Qc2 O-O 5. a3 Bxc3+ 6. Qxc3 b6 7. Bg5 Bb7 8.
f3 d6 9. e4 c5 10. d5 Nbd7 11. Nh3 h6 12. Bf4 Re8 {N} 13. dxe6 (13. Be2 Nf8 14.
Qd2 Ng6 15. Bg3 e5 $132) 13... fxe6 14. Bxd6 e5 15. O-O-O Re6 16. Be2 Qc8 (
16... Ne8 $2 17. Bxe5 Rxe5 18. Rxd7 $18) 17. Rd3 Ne8 18. Rhd1 Qc6 19. b4 cxb4 (
19... Nxd6 20. b5 Qc7 21. Qd2 Nxe4 22. Rxd7 Nxd2 23. Rxc7 Nb3+ 24. Kb2 Nd4 25.
Bd3 $16) 20. Bxb4 Ndf6 21. Qb3 a5 22. Bc3 Ba6 23. R3d2 Rc8 24. Kb1 Kh7 (24...
Bxc4 $5 25. Bxc4 Qxc4 26. Qxc4 Rxc4 27. Bb2 $14) 25. Bb2 Nd6 26. c5 Nb5 (26...
Bxe2 27. Qxe6 Bxd1 28. Rxd6 Qxc5 29. Rxd1 Qc2+ 30. Ka2 $18) 27. cxb6 Qxb6 28.
Ka1 a4 29. Qb4 Rb8 30. f4 Qc7 31. fxe5 Rxe5 32. Rc1 Qe7 33. Qxe7 Rxe7 34. e5
Nd7 35. e6 Nf8 36. Nf4 g5 37. Nd5 Rxe6 38. Nf6+ Kg6 39. Bh5+ {Ftacnik} 1-0

[Event "World Cup"]
[Site "Reykjavik"]
[Date "1991.??.??"]
[Round "12"]
[White "Beliavsky, Alexander G"]
[Black "Timman, Jan H"]
[Result "1-0"]
[WhiteElo "2655"]
[BlackElo "2630"]
[Annotator "Stohl,I"]
[PlyCount "81"]
[EventDate "1991.09.??"]
[EventType "tourn"]
[EventRounds "15"]
[EventCountry "ISL"]
[EventCategory "16"]
[SourceTitle "CBM 026"]
[Source "ChessBase"]
[SourceDate "1992.02.01"]
[SourceVersion "1"]
[SourceVersionDate "1992.02.01"]
[SourceQuality "1"]

1. d4 {Anand} d6 2. e4 Nf6 3. Nc3 g6 4. Nf3 Bg7 5. Be2 O-O 6. O-O c6 7. Bg5 (7.
e5 $5 dxe5 8. Nxe5 Nbd7 9. Bf4 Nxe5 10. Bxe5 Nd5 11. Nxd5 Bxe5 12. dxe5 Qxd5
13. Qxd5 cxd5 14. Rfd1 Be6 15. Rd4 Rac8 16. c3 Rc5 17. Rad1 b5 18. f4 Rb8 19.
a3 $14 {_|_(),Balashov,Y-Azmaiparashvili,Z,Lvov zt 1990-CBM 18}) (7. Bf4 Nbd7
8. Qd2 b5 9. e5 dxe5 10. dxe5 Nh5 11. Bh6 Nb6 $1 (11... Nxe5 12. Qxd8 Rxd8 13.
Bxg7 Nxf3+ 14. Bxf3 $14) 12. Qe3 b4 13. Rad1 Qc7 14. Bxg7 Kxg7 15. Ne4 Nd5 16.
Qb3 Nhf4 $15 {Kuczynski,R-Sznapik,A,Warsaw 1990-CBM 17}) (7. h3 Nbd7 8. e5 Ne8
9. Bf4 (9. Re1 dxe5 10. dxe5 Nc7 11. Bf1 Ne6 12. a4 Qc7 13. Qe2 a5 14. b3 b6
15. Qe3 Ba6 16. Bxa6 Rxa6 17. Bb2 Raa8 18. Ne2 Rfd8 19. Ned4 Ndc5 $10 {Stohl,
I-Gelfand,B,Dortmund-A 1990-CBM 18}) 9... dxe5 10. dxe5 Nc7 11. Qc1 Ne6 12. Bh6
Qa5 13. Bxg7 Kxg7 14. Qe3 Qb6 15. Qc1 Qc5 16. Ne4 Nd4 $1 17. Nxc5 Nxe2+ 18. Kh2
Nxc1 19. Nxd7 Bxd7 20. Raxc1 c5 $10 {Martin Gonzales,M-Azmaiparashvili,Z,
Toledo 1991-CBM 22}) (7. Re1 $5 Qc7 8. Bf4 Nh5 9. Bg5 $1 h6 10. Be3 e5 11. Qd2
Kh7 12. Rad1 Nd7 13. d5 c5 14. h3 a6 15. a4 Qa5 16. Ra1 $14 {(),Gallagher,
J-McNab,C,London LB 1990}) 7... Qc7 (7... h6 $5 8. Bf4 Nbd7 9. Qc1 Kh7 $132) 8.
a4 Nbd7 (8... e5 9. dxe5 dxe5 10. Nd2 Be6 11. Bc4 $5 $36) 9. Qd2 e5 10. Rfe1 a5
(10... Re8 $142 11. Bc4 exd4 12. Nxd4 Nc5 13. f3 Ne6 $132) 11. Rad1 Re8 $6 (
11... exd4 12. Nxd4 Re8 $14) 12. d5 $1 $36 Bf8 (12... cxd5 13. Nxd5 Nxd5 14.
Qxd5 Qxc2 15. Bb5 $16) 13. Bc4 Be7 14. h3 Qb6 (14... Nb6 15. Bb3 cxd5 16. Bxf6
Bxf6 17. Nxd5 $16) 15. b3 (15. Qc1 {Anand} Qb4 $140 16. b3) 15... Qb4 $6 (15...
Qc7 {Anand ץc4}) 16. Qc1 $1 Bf8 (16... Qxc3 $2 17. Bd2 $18) (16... Nb6 17. Na2
Qc5 18. Be3 $18) 17. Bd2 Qb6 18. Bh6 Qc7 (18... Be7 {Anand} 19. Ng5) 19. Bxf8
Rxf8 (19... Nxf8 20. dxc6 bxc6 21. Qd2 $16 {/\} Rd8 $2 22. Nxe5) 20. Qh6 (20.
dxc6 bxc6 21. Qd2 Ne8 $132) 20... cxd5 (20... Nb6 21. Ng5 {/\Re3-f3->}) 21.
Nxd5 Nxd5 22. Rxd5 (22. Bxd5 $5 Qxc2 $2 23. Rc1 Qd3 24. Ng5 Nf6 25. Rc7 $18)
22... Nf6 23. Ng5 Be6 24. Re3 $1 Qe7 (24... Bxd5 25. Bxd5 {/\Rf3-f6+-}) 25. Rf3
{/\Rf6} Rfd8 $8 26. Rb5 $6 (26. Rdd3 $142 Bxc4 27. bxc4 Rd7 (27... Rac8 28.
Rxf6 Qxf6 29. Qxh7+ Kf8 30. Rf3 $18) 28. Rf5 $1 gxf5 29. Rg3 f4 30. Ne6+ fxg3
31. Qg7#) 26... Rab8 27. Qh4 Bxc4 28. Nxh7 $1 $8 (28. bxc4 $2 h5 $15) 28... Nd5
$1 (28... Bxb5 $2 29. Nxf6+ $18) 29. Qh6 (29. Ng5 f6 30. exd5 Be2 $1 (30...
Bxb5 31. Ne4 g5 32. Qh6 Rf8 33. axb5 $18) 31. Rxf6 Qxf6 32. Qh7+ Kf8 33. Ne6+
Ke8 34. Nc7+ $10) 29... Bxb5 $2 (29... Be2 $1 30. Rxd5 (30. Ng5 Nf6 $19) 30...
Bxf3 31. gxf3 $146 (31. gxf3 {Anand} f5 (31... f6 32. Qxg6+ Qg7 33. Nxf6+ Kf8
34. Qxg7+ Kxg7 35. Ng4 $18) 32. Qxg6+ Qg7 33. Nf6+ Kh8 34. exf5 Qxg6+ 35. fxg6
Kg7 36. Ne4 $16)) 30. exd5 f5 31. Qxg6+ Qg7 32. Nf6+ Kf8 33. Nh7+ $138 Kg8 34.
Nf6+ Kf8 35. Qxf5 {/\Nh5} Be8 (35... Ke7 36. Qe6+ $18) 36. Nh5+ Qf7 37. Qg5
Rbc8 (37... Qxf3 $2 38. Qg7#) (37... Rd7 38. Qg7+ Ke7 39. Rxf7+ Bxf7 40. Qf6+
Kf8 41. Qh8+ Bg8 42. Nf6 $18) 38. Qg7+ Ke7 39. Qg5+ Kd7 (39... Kf8 40. Qg7+ Ke7
41. Rxf7+ Bxf7 42. Qf6+ Kf8 (42... Ke8 43. Ng7+ $18) 43. Ng7 {/\Ne6,Nf5}) 40.
Rxf7+ Bxf7 41. Nf6+ (41. Nf6+ Ke7 (41... Kc7 42. Qg7 Rf8 43. Nh7 $18) 42. Ne4+
(42. c4 $18 {Anand}) 42... Ke8 43. Qf6 $18 {[Stohl,I]}) 1-0

[Event "Reggio Emilia-A 9192 34th"]
[Site "Reggio Emilia"]
[Date "1992.??.??"]
[Round "5"]
[White "Beliavsky, Alexander G"]
[Black "Salov, Valery"]
[Result "1-0"]
[WhiteElo "2655"]
[BlackElo "2665"]
[Annotator "Stohl,I"]
[PlyCount "91"]
[EventDate "1991.12.??"]
[EventType "tourn"]
[EventRounds "9"]
[EventCountry "ITA"]
[EventCategory "18"]
[SourceTitle "CBM 027"]
[Source "ChessBase"]
[SourceDate "1992.04.01"]
[SourceVersion "1"]
[SourceVersionDate "1992.04.01"]
[SourceQuality "1"]

1. Nf3 Nf6 2. c4 e6 3. Nc3 b6 4. g3 c5 5. Bg2 Bb7 6. O-O Nc6 7. e4 $1 (7. b3
Be7 8. Bb2 O-O 9. e3 (9. d4 Nxd4 10. Nxd4 Bxg2 11. Kxg2 cxd4 12. Qxd4 Qc7 13.
e4 d6 14. f3 (14. Rad1 Rfd8 15. f3 a6 16. Rd2 Bf8 17. Rfd1 Be7 18. a4 h6 19. h4
Qc5 $10 {Bagirov,V-Stangl,M,Brno-B 1991-CBM 26}) 14... Rfd8 15. g4 Rac8 16.
Rad1 Qb7 17. g5 Nh5 $6 (17... Ne8 $142 $13) 18. f4 Rc5 (18... Nxf4+ $2 19. Rxf4
e5 20. Qd5 $18) 19. Qf2 f5 20. Qf3 g6 21. Ba3 $16 {Poluljahov,A-Tregubov,V,
URS-sf Voronez 1991-EXP 22}) 9... a6 $1 (9... Rc8 $6 10. d4 cxd4 11. Nxd4 Qc7
12. Nc2 $1 a6 13. e4 {()} Na7 14. Ne3 d6 15. a4 Nc6 16. Rc1 Ne5 {Timman,
J-Seirawan,Y,Reykjavik WCup 1991-CBM 26} 17. Rc2 $1 {/\f4,g4|^>> Seirawan}) 10.
d4 (10. Qe2 d5 $10 {-A15}) 10... cxd4 11. Nxd4 Qc7 12. Nc2 Nb4 $1 $10) 7... d6
8. d4 cxd4 9. Nxd4 Rc8 $6 (9... Nxd4 10. Qxd4 Be7 11. b3 O-O 12. Ba3 Qb8 13.
Rfd1 Rd8 14. Rac1 Bc6 15. h3 $14 {Vaganian,R-Hellers,F,New York op 1990-EXP 16}
) 10. Nxc6 $1 {N} (10. Bg5 Be7 11. Ndb5 a6 12. Bxf6 gxf6 13. Nd4 h5 14. h4 Ne5
15. Nce2 Nxc4 16. b3 Ne5 17. Nf4 $146 {Morris,C-Ipek,A,Haifa ETC 1989-TD 89_12}
) 10... Bxc6 11. Bf4 $36 {><d6} Be7 12. Qe2 O-O (12... Qc7 $142 13. Rac1 Qb8
14. Rfd1 Nd7 $5 $8 {/\Ne5+/=}) 13. Rfd1 {/\e5} Qc7 $8 14. Rac1 {/\Nd5+/-} Qb8
15. Nd5 $1 exd5 (15... Bxd5 16. cxd5 e5 17. Be3 $16 {/\Bh3,Rc6<->c}) 16. exd5
Ba4 (16... Bxd5 17. Qxe7 Bxg2 18. Kxg2 $18) 17. b3 Rce8 (17... Bxb3 $5 18. axb3
$16) 18. bxa4 $16 Nd7 19. Qd2 {/\a5} Qc7 (19... Bf6 $142 $5 20. a5 Be5 21. Be3
Nc5 22. Rb1 Qc7 $16) 20. Qb4 Nc5 21. Qb5 {><c6} Qd8 (21... Rc8 22. Bh3 {/\Qc6})
22. Qc6 {/\Rc2-e2-e7+-} g5 $8 23. Be3 Bf6 24. a5 $18 {->} Rxe3 $5 25. fxe3 bxa5
26. Qb5 g4 27. Kh1 Bg5 28. Rf1 $1 {->׻} Bxe3 29. Rce1 Bg5 30. Qb1 Qd7 (30...
Re8 31. Qf5 $18) 31. Be4 f6 (31... Nxe4 32. Qxe4 {/\Rf5}) 32. Bf5 Qg7 33. Bxg4
Bd2 34. Be6+ Kh8 35. Re2 Bc3 36. Rf4 Be5 37. Rh4 Nxe6 38. dxe6 Re8 39. Qf5 Qg8
40. Kg2 Re7 (40... Rxe6 41. Rxh7+ Qxh7 42. Qxe6 Qd3 43. Qh3+ Kg7 44. Qg4+ $18)
41. Rxe5 $1 fxe5 42. Rg4 Rg7 $8 (42... Qxe6 43. Qf8+) 43. Qf6 {/\e7} h5 44. Rg6
Qa8+ 45. Kh3 Qb7 46. Rh6+ (46. Rh6+ Kg8 47. Qd8#) 1-0

[Event "Linares 10th"]
[Site "Linares"]
[Date "1992.??.??"]
[Round "5"]
[White "Beliavsky, Alexander G"]
[Black "Timman, Jan H"]
[Result "1-0"]
[WhiteElo "2620"]
[BlackElo "2620"]
[Annotator "Dautov,R"]
[PlyCount "93"]
[EventDate "1992.02.??"]
[EventType "tourn"]
[EventRounds "13"]
[EventCountry "ESP"]
[EventCategory "17"]
[SourceTitle "CBM 028"]
[Source "ChessBase"]
[SourceDate "1992.06.01"]
[SourceVersion "1"]
[SourceVersionDate "1992.06.01"]
[SourceQuality "1"]

1. d4 Nf6 2. c4 g6 3. Nc3 Bg7 4. e4 d6 5. Nf3 O-O 6. Be2 e5 7. O-O Nc6 8. d5
Ne7 9. Nd2 c5 10. Rb1 Ne8 11. b4 b6 12. a4 f5 (12... a5 $6 13. bxc5 bxc5 14.
Nb3 f5 15. Bd2 Nf6 16. exf5 gxf5 17. Qe1 Ng6 18. Nb5 $16) 13. a5 Nf6 14. axb6 (
14. Qa4 Bd7 15. Qa3 Bh6 $1 16. bxc5 (16. Bd3 $6 Qc7 17. bxc5 bxc5 18. exf5 gxf5
$10 {arsen,B-Fischer,Denver(m/4) 1971}) 16... bxc5 17. a6 Nc8 $5 (17... Rb8
18. Rxb8 Qxb8 19. Nf3 Bxc1 20. Rxc1 $14 {Kristiansen,J-Hellers,F Esbjerg,1988})
18. exf5 gxf5 19. Nde4 Bxc1 20. Nxf6+ Rxf6 21. Rfxc1 Nb6 $10 {ECO}) 14... axb6
15. f3 (15. Qb3 Ra6 16. Bd3 Nh5 17. Re1 Nf4 18. Bf1 fxe4 19. Ndxe4 Nf5 20. Nb5
Nd4 21. Qd1 $1 Nxb5 22. cxb5 Ra2 23. Bc4 Ra8 24. bxc5 bxc5 25. b6 Rb8 26. Qb3
$16 {Zarubin,P-Muratov,VA,Moscow Open Russian Winter 1991}) 15... Bh6 (15... f4
16. Qb3 Ra6 17. bxc5 bxc5 18. Nd1 g5 19. Nf2 h5 20. h3 $14 {/\Bb2-c3,Ra1}) (
15... g5 16. exf5 Nxf5 (16... Bxf5 17. Nde4 $14) 17. Nde4 h6 18. Bd3 Nd4 19.
Nxf6+ Bxf6 20. Ne4 Bf5 21. Be3 $14) 16. Nb3 Bxc1 17. Nxc1 $1 Bd7 (17... f4 18.
Nd3 g5 19. Nf2 h5 20. h3 Ng6 21. Qb3 Ra6 22. Ra1 Rxa1 23. Rxa1 g4 24. fxg4 hxg4
25. hxg4 $16) 18. Nd3 Ra3 (18... g5 19. Qb3 Ra6 20. Ra1 Rxa1 21. Rxa1 g4 22.
bxc5 bxc5 23. Ra6 Nc8 24. exf5 Bxf5 25. Nf2 gxf3 26. Bxf3 $16 {><d6}) 19. Qc1
Qa8 20. bxc5 bxc5 21. Ra1 Ra5 (21... Rxa1 22. Qxa1 Qxa1 23. Rxa1 Rb8 24. Bd1
$14) 22. Qb2 Qa7 23. Rxa5 Qxa5 24. Ra1 Qc7 25. Ra6 Nc8 (25... Rb8 26. Qa3 g5 $2
27. Nxe5 $18) 26. Nf2 $1 {><e4} Qd8 27. Qd2 {/\ef} Nh5 (27... f4 28. Bd1 (28.
Nb5 $6 Bxb5 29. cxb5 Nb6 30. Qa5 Nfd7 $10) 28... Nb6 29. Qa2 g5 30. Qb3 Nc8 31.
Qb7 h5 32. h3 $14) 28. exf5 gxf5 29. g3 {/\f4} Be8 $2 (29... Nf6 $142 30. f4
Qe7 31. Qe3 e4 32. Ncd1 Re8 33. Ra3 (33. Qc3 e3 34. Nd3 h5 $132) 33... h5 (
33... Nb6 34. Rb3) 34. Qd2 $14 {/\Ne3}) 30. Ra8 Bg6 31. Nb5 Qf6 32. Qa5 Qe7 (
32... e4 33. Qc7 Qb2 34. Bf1 e3 35. Nd3 Qd2 36. Rxc8 $18) 33. Qc7 Qxc7 34. Nxc7
$16 Ng7 35. Nb5 Re8 36. Nd1 h5 37. Kf2 f4 38. Ndc3 fxg3+ 39. hxg3 Rf8 40. Ke1 {
Zugzwang} Bf5 (40... Nf5 41. Ne4 $18 {/\g4}) 41. Ne4 $1 Bxe4 42. fxe4 Re8 $145
$8 (42... Kf7 43. Rxc8 $18) 43. Ra6 Rd8 44. Bf1 Rf8 45. Bh3 Ne7 46. Nxd6 Rf3
47. Ra8+ {47..Kh7 48.Ra7+-} 1-0

[Event "Belgrade"]
[Site "Belgrade"]
[Date "1993.??.??"]
[Round "7"]
[White "Bareev, Evgeny"]
[Black "Beliavsky, Alexander G"]
[Result "0-1"]
[WhiteElo "2660"]
[BlackElo "2635"]
[Annotator "Glatman,V"]
[PlyCount "78"]
[EventDate "1993.??.??"]
[EventType "tourn"]
[EventRounds "9"]
[EventCountry "YUG"]
[EventCategory "16"]
[SourceTitle "CBM 039"]
[Source "ChessBase"]
[SourceDate "1994.04.01"]
[SourceVersion "1"]
[SourceVersionDate "1994.04.01"]
[SourceQuality "1"]

1. d4 Nf6 2. c4 e6 3. Nc3 Bb4 4. Qc2 d5 5. cxd5 (5. a3 Bxc3+ 6. Qxc3 Ne4 7. Qc2
c5 (7... e5 8. e3 exd4 9. cxd5 Qxd5 10. Nf3 $1 Qc6 11. Nxd4 Qxc2 12. Nxc2 $14 {
Kasparov,G-Nikolic,P/Barselona/1989/ 0,5 (37) Inf 47/677/}) 8. dxc5 Nc6 9. cxd5
exd5 10. Nf3 Qa5+ 11. Bd2 Qxc5 (11... Nxd2 12. Qxd2 Qxc5 13. b4 Qd6 14. e3 O-O
15. Be2 Be6 16. O-O $16 {Chernin,A-Farago,I/Moscow/1989/ 1:0 (52) Inf 47/678/})
12. Qxc5 Nxc5 13. Be3 $1 Ne4 14. Nd4 O-O 15. Rd1 Be6 16. f3 Nd6 17. Nxe6 fxe6
18. Bc5 Rad8 19. e4 $16 {Kasparov,G-Georgiev,Kir/Thessaloniki(ol)/1988/ 1:0 
(61) Inf 46/757/}) 5... exd5 6. Nf3 (6. Bg5 h6 7. Bh4 (7. Bxf6 Qxf6 8. a3 Bxc3+
9. Qxc3 O-O 10. e3 Bf5 11. Ne2 Rc8 12. Rc1 Nd7 13. b4 a5 14. Ng3 axb4 15. axb4
Bg6 16. Be2 Qe7 17. O-O Nf6 18. Ra1 h5 19. Rfc1 $14 {Beliavsky,A-Portish,L/
Reykjavik/1988/ 1:0 (51) Inf 46/756/}) 7... c5 8. dxc5 Nc6 9. e3 g5 10. Bg3 Qa5
11. Nf3 Ne4 12. Nd2 Nxc3 13. bxc3 Bxc3 14. Rb1 Qxc5 $1 15. Rb5 Qa3 $1 16. Rb3
Bxd2+ 17. Qxd2 Qa5 {Spassky,B-Fisher,R/Beograd(m/10)/1992/ 0,5 (68) Inf 55/548/
} 18. Qxa5 Nxa5 19. Rb5 Nc6 20. Rxd5 Be6 21. Rd2 Rd8 22. Rb2 Rd7 23. Bb5 Ke7
$10) 6... Ne4 (6... O-O 7. Bg5 c5 8. e3 cxd4 9. Nxd4 Nc6 10. Nxc6 bxc6 11. Be2
h6 12. Bh4 g5 13. Bg3 Ne4 14. O-O Nxg3 15. hxg3 $14 {Gurevich,M-Rodriguez,Or/
Barselona/1992/ 0:1 (60) Inf 54/539/}) (6... c5 7. Bg5 h6 8. Bxf6 Qxf6 9. a3
Ba5 10. b4 cxb4 11. Qa4+ Nc6 12. Nxd5 Qd6 13. axb4 Bxb4+ 14. Nxb4 Qxb4+ 15.
Qxb4 Nxb4 16. Kd2 Bf5 $10) 7. e3 $5 $146 (7. a3 Bxc3+ 8. bxc3 c5 9. Nd2 Nf6 10.
e3 O-O 11. dxc5 Nbd7 12. c6 bxc6 13. Be2 Ne5 $10 {Rellstab,K-Bogoljubov,E/BRD/
1947/}) 7... c6 (7... c5 $5) 8. Bd3 f5 $6 (8... Nf6 $5) 9. O-O Nd7 10. Ne1 $6 (
10. Ne5 $5 Nxe5 (10... Bd6 11. f3 Nxc3 12. Qxc3) 11. dxe5 Qe7 12. f3 Nxc3 13.
bxc3 Bc5 14. Bxf5) 10... Qa5 11. a3 (11. Bd2 Ndf6 12. f3 Nxd2 13. Qxd2 O-O)
11... Bxc3 12. bxc3 Nb6 (12... Qxc3 13. Bxe4 Qxa1 14. Bxf5 $18) 13. f3 Nd6 14.
a4 (14. e4 $5) 14... Nbc4 15. e4 O-O 16. e5 Nb5 17. Rf2 $2 (17. Bxc4 dxc4 18.
Bd2 Nc7 19. f4) 17... Nxd4 $1 18. cxd4 Qxe1+ 19. Bf1 (19. Rf1 Qh4 20. f4 Be6)
19... f4 20. Re2 (20. Bb2 Qb4 21. Bc3 Qe7) 20... Qb4 21. Rb1 Qe7 $17 22. Qc3
Be6 23. Ra2 Rf7 24. a5 Rd8 25. Bxc4 dxc4 26. Ba3 Qe8 27. Bc5 a6 28. Rab2 Rdd7
29. Re1 (29. Rb4 $5) 29... g5 30. Rb4 Rg7 31. Rxc4 $1 h5 $1 (31... Bxc4 32.
Qxc4+ Rd5 33. e6 $13) 32. Rb4 Qg6 33. Rb2 g4 34. fxg4 hxg4 35. Rf2 Rdf7 36.
Ref1 Qh6 $19 37. g3 fxg3 38. Qxg3 (38. hxg3 Rh7 $19) 38... Rf3 $1 39. Qg2 Bd5
0-1

[Event "Groningen PCA"]
[Site "Groningen"]
[Date "1993.??.??"]
[Round "4"]
[White "Beliavsky, Alexander G"]
[Black "Shirov, Alexei"]
[Result "1-0"]
[WhiteElo "2635"]
[BlackElo "2685"]
[Annotator "Ftacnik,L"]
[PlyCount "101"]
[EventDate "1993.12.??"]
[EventType "swiss"]
[EventRounds "11"]
[EventCountry "NED"]
[SourceTitle "CBM 039"]
[Source "ChessBase"]
[SourceDate "1994.04.01"]
[SourceVersion "1"]
[SourceVersionDate "1994.04.01"]
[SourceQuality "1"]

1. e4 {Horvath,T Ernst Chekhov} c5 2. Nf3 e6 3. d4 cxd4 4. Nxd4 Nf6 5. Nc3 Nc6
6. Ndb5 d6 7. Bf4 e5 8. Bg5 a6 9. Na3 b5 10. Bxf6 gxf6 11. Nd5 f5 12. Bd3 Be6
13. Qh5 Rg8 $5 14. g3 Nd4 (14... Rg4 $5 15. f4 exf4 16. Nxf4 Rxf4 $5 17. gxf4
Qa5+ $13 {Timoschenko-Krasenkov/Voskresensk/1992/}) 15. c3 fxe4 16. Bxe4 Bg4
17. Qxh7 Rg7 18. Qh6 (18. Qh8 $6 {Chekhov} Nf3+ 19. Ke2 Ng5+ 20. f3 Nxe4 21.
fxg4 Qg5 22. Ne3 d5 $36) 18... Nf3+ 19. Ke2 $5 $146 (19. Kf1 Rg5 (19... Rg6 $1
{Chekhov} 20. Qe3 Bh6 21. Qd3 Nd2+ 22. Kg2 Nxe4 23. Qxe4 Rc8 $36 (23... f5 $2
24. Nc7+)) 20. Nf6+ Ke7 (20... Qxf6 21. Bc6+ (21. Qxf6 Nd2+) 21... Ke7 22.
Qxf6+ Kxf6 23. Bxa8 Nd2+ 24. Ke1 Bh6 25. Nc2 Rg8 26. Bd5 Nc4 27. Ne3 Bxe3 28.
fxe3 Nxe3 29. Bb3 d5 30. a4 Rb8 31. axb5 axb5 32. Kd2 {0,5/Klovans,Y-Taborov/
Kostroma/1985/}) 21. Qh8 Nd2+ 22. Kg2 Nxe4 23. Nxe4 Rg6 24. Qh4+ Kd7 25. Qxd8+
Rxd8 26. f3 Be6 $13 {Magem Badals-Polgar,Zsu/Madrid/1992/}) 19... Ng5+ (19...
Rg6 $6 {Chekhov} 20. Qe3 Bh6 21. Qd3 (21. Qb6 {Ernst} Nd2+ 22. f3 Nxe4 23.
Qxd8+ Kxd8 24. fxg4 Rxg4 25. Rhf1 Ra7 26. Nc2 $14 {Aniukhin,A-Rogozhnikov,A/
URS-sf Voronez/1991/}) 21... Ng5+ 22. f3 Nxe4 23. fxg4) (19... Rh7 {Horvath,T}
20. Qe3 (20. Nf6+ Qxf6 $1 21. Qxf6 Ng5+ 22. Ke3 (22. f3 $2 Nxe4 23. Qh4 Rxh4
24. gxh4 Bh5 $19) 22... Nxe4 23. Kxe4 Be7 24. Qxe7+ Kxe7 25. f4 f5+ 26. Ke3 Kf6
$44) (20. Qxh7 $5 Ng5+ 21. f3 Bxf3+ 22. Bxf3 Nxh7 23. h4 $1 (23. Nc7+ $6 Qxc7
24. Bxa8 d5 $1 $13) 23... Rc8 24. Rhf1 $16) 20... Bh6 21. Qb6 Ng5+ 22. f3 Nxe4
23. fxg4 Qg5 $2 24. Qc6+ Kf8 25. Qxa8+ Kg7 26. Nf4 $1 $18) 20. f3 Nxe4 (20...
Rg6 {Chekhov} 21. Qh4 Nxe4 22. Qxd8+ $1 (22. fxg4 Qc8 $1 $36) 22... Kxd8 23.
fxg4 Rxg4 24. Rhf1 $16) 21. fxg4 Qc8 (21... Rxg4 {Ernst} 22. Qh3 $14 (22. Qh5 {
Horvath,T} Rg5 23. Qf3 f5 24. Rhg1 $1 {/\ h4+/-})) 22. Qe3 $1 (22. Ne3 $6 {
Chekhov} Rxg4 23. Qh3 Rg6 24. Qxc8+ Rxc8 {/\Kd7-e6/}) 22... Qxg4+ (22... Rxg4
23. Qb6 $40) 23. Qf3 Qxf3+ 24. Kxf3 f5 25. Nc2 (25. Ne3 {Chekhov} Ng5+ 26. Kf2
Rf7) 25... Kf7 26. Nce3 Ke6 $2 (26... Nf6 27. Rad1 $14 (27. a4 $1 {Chekhov}
Nxd5 28. Nxd5 Ke6 29. Rhd1 Rb8 30. b4 $1 $16)) (26... Ng5+ {Chekhov} 27. Ke2
Ke6 (27... Kg6 28. a4 $1 $16) 28. Raf1 (28. Rhf1 {Horvath,T} Rf7 29. Rxf5 $1
Rxf5 30. Nc7+ Kd7 31. Nxa8 $16) 28... Rf7 29. Rxf5 Rxf5 30. Nc7+ Kd7 31. Nxa8
$18) 27. Nxf5 $1 (27. a4 $1 {Chekhov} Nd2+ 28. Ke2 Nb3 29. Ra3 bxa4 30. Rxa4 a5
$13) 27... Ng5+ (27... Kxd5 28. Ne3+ Ke6 29. Kxe4 $16) (27... Kxf5 $2 {Chekhov}
28. Ne3+) 28. Kg4 Rf7 (28... Kxd5 29. Nxg7 Bxg7 30. Kxg5 $18) 29. Rhf1 (29.
Kxg5 Rxf5+ 30. Kg4 Ra7) 29... Ne4 (29... Kxd5 30. Kxg5 $16) 30. Rad1 Raa7 $6 (
30... Rd8 31. Nde3 d5 $14) 31. Nde3 Rad7 32. Kf3 $1 d5 (32... Rxf5+ $2 33. Nxf5
Kxf5 34. Ke3+ $18) 33. g4 (33. Nxd5 $2 {Horvath,T} Rxd5 34. Kxe4 Rxd1 $19)
33... Bc5 34. h4 Nf6 35. Rde1 (35. g5 Ne4 36. Kg2 b4 37. cxb4 $16) 35... b4 (
35... Bxe3 36. Rxe3) 36. Re2 $1 bxc3 37. bxc3 Bxe3 (37... Rb7 $5 {Chekhov}) 38.
Rxe3 Ne4 39. Kg2 Rc7 40. Rb1 {! Chekhov} Rb7 (40... Rxc3 41. Rb6+ Kd7 42. Rxc3
Nxc3 43. Rxa6 $16 (43. h5 $16 {Chekhov})) 41. Rb3 Nd2 42. Rxb7 Rxb7 43. Re2 Nb1
(43... Ne4 $2 44. c4 $1 $18) 44. Rc2 Na3 45. Rf2 $1 Nb1 46. g5 (46. h5 Nxc3 47.
h6 Ne4 48. Ng7+ Ke7 49. Rf5 Kd6 50. Rf8 $18) 46... Nxc3 47. g6 Rd7 $2 (47...
Rb8 $1) (47... Ne4 48. g7 Nf6 (48... Kf7 {Chekhov} 49. Nd6+) 49. h5 Ng8) 48. g7
Kf7 49. h5 Kg8 50. h6 Kh7 51. Ne3 (51. Ne3 Rd8 52. Rf8 $18) 1-0